000 00518nam a2200181Ia 4500
008 090123s9999 xx 000 0 und d
082 _b3835
100 _aभेंडे सुभाष
245 _aकागदी बाण
250 _a1
260 _bमेनका प्रकाशन
_c1974
300 _a115
600 _aभेंडे सुभाष
630 _aकागदी बाण
700 _aभेंडे सुभाष
730 _aकागदी बाण
942 _cBOOK
999 _c41911
_d41911